| 000 | 01692cam a2200193 4500500 | ||
|---|---|---|---|
| 005 | 20251228095135.0 | ||
| 041 | _afre | ||
| 042 | _adc | ||
| 100 | 1 | 0 |
_aChami, Jean _eauthor |
| 700 | 1 | 0 |
_aRomieu, Anne _eauthor |
| 245 | 0 | 0 | _aÉric-Emmanuel Schmitt, La Vengeance du pardon, Paris, Albin Michel, 2017. Livre de poche 2019, 282 pages, p. 177-240 |
| 260 | _c2021. | ||
| 500 | _a12 | ||
| 520 | _aDans les notes consécutives à son bref séjour en France de 1911, Kafka consacre deux lignes au sergent Hoff devenu célèbre durant le siège de Paris de 1870 pour avoir vengé son père en tuant des Prussiens. Son résumé tronqué laissant croire à une supercherie, il convient de démêler dans son œuvre les motifs secrets de cette altération. | ||
| 520 | _aIn the notes Kafka took after his brief trip to France in 1911, there are two lines about Sergeant Hoff, who became famous during the siege of Paris in 1870 for having avenged his father by killing Prussian soldiers. Since the short summary leads us to think there is a hoax, this article will seek to unravel the secret motivations for this alteration and identify them in his work. | ||
| 520 | _aNas notas que redige depois da sua breve estada em França em 1911, Kafka consagra duas linhas ao sargento Hoff que ficara célebre durante o cerco de Paris de 1870 por ter vingado o seu pai matando prussianos. Uma vez que este resumo truncado sugere um logro, convém destrinçar, na sua obra, os motivos segredos que deram origem a esta alteração. | ||
| 786 | 0 | _nSigila | 48 | 2 | 2021-12-06 | p. 189b-192b | 1286-1715 | |
| 856 | 4 | 1 | _uhttps://shs.cairn.info/revue-sigila-2021-2-page-189b?lang=fr&redirect-ssocas=7080 |
| 999 |
_c1605648 _d1605648 |
||